000 00797nam a2200217 a 4500
001 47258
003 BD-RjUL
005 20211209054302.0
008 160807s1992 ii |||| ||| 000 0 ben d
020 _a8185471088
035 _a(BD-RjUL)47377
040 _aBD-RjUL
_bben
_cBD-RjUL
_dBD-RjUL
041 _aben
082 _223
_a335.409
_bCHA 1992
100 1 0 _aচন্দ্র, অমিতাভ
_9143863
245 1 0 _aঅবিভক্ত বাংলায় কমিউনিস্ট আন্দলন :
_bসূচনা পর্ব /
_cঅমিতাভ চন্দ্র
260 _aকরিকাতা :
_bপুস্তক বিপণি,
_c১৯৯২
300 _a২১৭ পৃ. ;
_c২১ সেমি.
650 _aCommunism
_vHistory
_9143864
942 _2ddc
_cBK
999 _c47258
_d47258